Dirigeants des pays n°7 - Statistiques

Statistiques générales
  • Ce quiz a été pris 13 fois
  • Le résultat moyen est 1 sur 20
Statistiques - réponses
Pays Dirigeants % Correct
France Emmanuel Macron
100%
Luxembourg Xavier Bettel
9%
Liechtenstein Adrian Hasler
0%
Biélorussie Alexandre Loukachenko
0%
Lettonie Egils Levits
0%
Lituanie Gitanas Nausėda
0%
Islande Guðni Th. Jóhannesson
0%
Kosovo Hashim Thaçi
0%
Hongrie János Áder
0%
Estonie Kersti Kaljulaid
0%
Croatie Kolinda Grabar-Kitarović
0%
Danemark Mette Frederiksen
0%
Irlande Michael D. Higgins
0%
Espagne Pedro Sánchez
0%
Grèce Prokópis Pavlópoulos
0%
Bulgarie Roumen Radev
0%
Finlande Sauli Niinistö
0%
Italie Sergio Mattarella
0%
Macédoine Stevo Pendarovski
0%
Bosnie-Herzégovine Željko Komšić
0%
Aucun quiz correspondant
Distribution des résultats
% des personnes avec chaque résultat
Percentile par nombre de réponses
Votre historique - résultats
Vous n’avez pas pris ce quiz